000 01154 a2200229 4500
001 41226
005 20260407155706.0
008 260407a1997 arg spa d
003 AR-UNSa-BCEJYS
040 _aAR-UNSa-BCEJYS
_bspa
_cAR-UNSa-BCEJYS
080 _a347.9
_xDerecho procesal. Procedimiento judicial. Organización y personal al servicio de la administración de justicia
245 1 0 _aEstudios de derecho procesal
020 _a950-894-086-7
264 1 _aBuenos Aires :
_bAD-HOC
_c1997
300 _a94 p.
_c23 cm.
505 _a1. Bases tentativas para la formulación de un concepto unitario del concurso como proceso contencioso - 2. Régimen procesal común y régimen procesal concursal - 3. El Instituto de la "conversión" en la Ley concursal 24.522 (una perspectiva procesal) - 4. Notas que definen al régimen recursivo en la Ley de concursos 24.522 - 6. Cosa Juzgada común versus cosa juzgada concursal
041 _aspa
942 _cBK
590 _aniveau_biblio:m niveau_hierar:0
100 1 _aGonzález, Atilio Carlos
856 4 1 _uhttps://biblioeco.unsa.edu.ar/pmb/images/libros/L126464.jpg
_yImagen de portada
_qimage/jpeg
999 _c3439
_d3439